Cuentos escogidos
Gardado en:
| Autor Principal: | |
|---|---|
| Formato: | Libro |
| Idioma: | Lingua castelá |
| Publicado: |
Santiago
Nascimento
1957
|
| Subjects: | |
| Tags: |
Engadir etiqueta
Sen Etiquetas, Sexa o primeiro en etiquetar este rexistro!
|
MARC
| LEADER | 00000nam a2200000 a 4500 | ||
|---|---|---|---|
| 001 | UCQ6606 | ||
| 003 | CL-VaPUC | ||
| 008 | 981016e19570000CL |||||||||||||||||spa|d | ||
| 082 | 0 | 4 | |a Ch863 |b LAZ |2 21 |
| 100 | |a Lazo Baeza, Olegario |e author |9 505176 | ||
| 245 | 1 | 0 | |a Cuentos escogidos |
| 300 | |a 215 p | ||
| 942 | |c BK | ||
| 945 | |d 19981016 00:00:00 |a lriquelm | ||
| 260 | |a Santiago |b Nascimento |c 1957 | ||
| 650 | 0 | |a Literatura chilena |9 308278 | |
| 650 | 0 | |a Cuentos chilenos |9 308280 | |
| 583 | |a last modification |c 19981016 00:00:00 |k Rodrigo Vera | ||
| 999 | |c 276553 |d 276551 | ||
| 952 | |0 0 |1 0 |4 0 |6 CH_863_000000000000000_LAZ_1957 |7 0 |8 A |9 313839 |a BIBEDU |b BIBEDU |d 2019-11-20 |i 1483447 |l 2 |o Ch863 LAZ 1957 |p 1483447 |r 2024-11-08 |s 2024-10-08 |w 2019-11-20 |y BK |k LIT | ||